Вып. 44; Холодильная техника и технология

Opis bibliograficzny
Parent link:Холодильная техника и технология: республиканский межведомственный научно-технический сборник/ Одесский институт низкотемпературной техники и энергетики ; под ред. И. Г. Чумака. Вып. 44.— , 1965-1991
Język:rosyjski
Wydane: 1987
Hasła przedmiotowe:
Format: MixedMaterials Książka
KOHA link:https://koha.lib.tpu.ru/cgi-bin/koha/opac-detail.pl?biblionumber=271499

MARC

LEADER 00000nam2a2200000 4500
001 271499
005 20231101234437.0
035 |a (RuTPU)RU\TPU\book\294681 
090 |a 271499 
100 |a 20141008d1987 k y0rusy50 ca 
101 0 |a rus 
102 |a UA 
105 |a a z 001zy 
200 0 |a Вып. 44 
210 |d 1987 
215 |a 103 с.  |c ил. 
320 |a Библиогр. в конце ст. 
461 1 |0 (RuTPU)RU\TPU\book\193004  |t Холодильная техника и технология  |o республиканский межведомственный научно-технический сборник  |f Одесский институт низкотемпературной техники и энергетики ; под ред. И. Г. Чумака  |v Вып. 44  |d 1965-1991 
606 1 |a Холодильная техника в целом  |2 stltpush  |3 (RuTPU)RU\TPU\subj\17486  |9 43112 
610 1 |a холодильная технология 
610 1 |a холодильные установки 
610 1 |a охлаждение 
610 1 |a электронно-лучевые трубки 
610 1 |a турбохолодильники 
610 1 |a ротационные компрессоры 
610 1 |a микрокриогенные системы 
610 1 |a жидкие хладоны 
610 1 |a охлаждающие свойства 
675 |a 621.56  |v 3 
801 1 |a RU  |b 63413507  |c 20141008 
801 2 |a RU  |b 63413507  |c 20160328  |g RCR 
942 |c BK